Normal view
MARC view
- Title Stretchers and Shrinkers
Entry Topical Term
001 - CONTROL NUMBER
- control field: 113174
003 - CONTROL NUMBER IDENTIFIER
- control field: NUST
005 - DATE AND TIME OF LATEST TRANSACTION
- control field: 20230620140810.0
008 - FIXED-LENGTH DATA ELEMENTS
- fixed length control field: 230620|| aca||aabn | a|a d
040 ## - CATALOGING SOURCE
- Original cataloging agency: NUST
- Transcribing agency: NUST
150 ## - HEADING--TOPICAL TERM
- Topical term or geographic name entry element: Title Stretchers and Shrinkers
670 ## - SOURCE DATA FOUND
- Source citation: Work cat.: (NUST)179840: Braunfeld G, Peter 113173, Title Stretchers and Shrinkers :, 1970:
